[Event "22. Ciudad de Linares"]
[Site "Linares ESP"]
[Date "2005.03.08"]
[Round "12.3"]
[White "Adams, Michael"]
[Black "Kasparov, Garry"]
[Result "0-1"]
[WhiteElo "2741"]
[BlackElo "2804"]
[PlyCount "50"]
[EventDate "2005.02.23"]
[EventType "tourn"]
[EventRounds "14"]
[EventCountry "ESP"]
[EventCategory "20"]
[Source "lmi"]
[SourceDate "2005.03.10"]

1. e4 c5 2. Nf3 d6 3. d4 cxd4 4. Nxd4 Nf6 5. Nc3 a6 6. Be3 e6 7. Be2 Qc7 8. Qd2
b5 9. a3 Bb7 10. f3 Nc6 11. O-O-O b4 12. axb4 Nxb4 13. g4 Be7 14. g5 Nd7 15. h4
Nc5 16. Kb1 Rb8 17. h5 O-O 18. g6 Bf6 19. Rdg1 Ba8 20. Bg5 Be5 21. gxh7+ Kxh7
22. Nb3 Nxc2 23. Nxc5 Na3+ 24. Ka2 Qxc5 25. Na4 Nc2 0-1